| 000 | 00766nam a22002177a 4500 | ||
|---|---|---|---|
| 999 |
_c635 _d635 |
||
| 003 | AR-CdUCM | ||
| 008 | 190225b ||||| |||| 00| 0 spa d | ||
| 040 |
_aMUNICIPALIDAD PROVINCIAL DEL CUSCO _cBIBLIOTECA MUNICIPAL DEL CUSCO |
||
| 082 |
_21ra ed. _a869.56 / _bC77 |
||
| 100 |
_aConcuera, Marco Antonio _92470 |
||
| 245 |
_aSemilla en el Paisaje / _cConcuera, Marco Antonio |
||
| 260 |
_aLima,Peru : _bFondo de Promocion de la Cultura Agraria , _c1988. |
||
| 300 |
_a71 paginas: _c20 cm. |
||
| 505 | _aPeru Agricola -- Indigenismo -- Poesia Peruana... | ||
| 650 |
_aPoesia Peruana. _9280 |
||
| 650 |
_aPeru Agricola. _92471 |
||
| 650 |
_aPoesia Agricola Peruana. _92472 |
||
| 700 |
_aConcuera, Marco Antonio _92470 |
||
| 942 |
_2ddc _cLIBROS |
||
| 945 |
_artm _d2019-02-25 |
||